01293nam a2200289 a 450000100060000000300090000600500170001500800410003203500180007304000280009104100080011908200210012709000160014810000340016424501510019826000650034930000340041449000460044850001700049450400290066465000570069365000320075083000540078294200120083699900170084895201380086545885BD-RJUL 20211209054059.0160728s1961 enka b 000 0 eng  a BD-RJUL46003 aDLCcCSUdSERdEQObeng aeng a343.2bGRJ 1961  aHV8708b.G71 aGreen, Edward,d1920-914033110aJudicial attitudes in sentencing :ba study of the factors underlying the sentencing practice of the criminal court of PhiladelphiacEdward Green  aLondon :bMacmillan ;aNew York :bSt. Martin's Press,c1961 aviii, 149 p. :bill. ;c23 cm1 aCambridge studies in criminology ;vv. 15 aIssued in microfilm form in 1959 as thesis, University of Pennsylvania, under title: An analysis of the sentencing practices of criminal court judged in Philadelphia aBibliography: p. 143-145 0aSentences (Criminal procedure)zPhiladelphia9140332 0aForensic psychology9140333 0aCambridge studies in criminology ;vv. 159133592 2ddccBK c45885d45885 00102ddc40708NFICaRUCLbRUCLcStackd1963-03-16eZeithlingerg33.00l0o343.2 GRJ 1961r2016-07-28 00:00:00tC-2w2016-07-28yBK